[Event "SR 3. liga A2 2013/2014"]
[Site "?"]
[Date "2014.01.19"]
[Round "7.4"]
[White "Sebesta, Radovan"]
[Black "Sekera, Branislav"]
[Result "0-1"]
[WhiteElo "2035"]
[BlackElo "2171"]
[PlyCount "110"]
[EventDate "2013.??.??"]

1. d4 Nf6 2. c4 e6 3. Nc3 d5 4. cxd5 exd5 5. Bg5 Nbd7 6. e3 c6 7. Bd3 Be7 8.
Qc2 O-O 9. Nge2 Re8 10. O-O Ne4 11. Bxe7 Qxe7 12. Nxe4 dxe4 13. Bc4 Nb6 14. Bb3
Kh8 15. Rac1 f5 16. Qc5 Be6 17. Qxe7 Rxe7 18. Bxe6 Rxe6 19. Nf4 Rd6 20. h4 g6
21. Rc2 h6 22. g3 Kh7 23. Kg2 g5 24. hxg5 hxg5 25. Rh1+ Kg7 26. Ne2 Nd5 27. a3
Rf8 28. Nc3 Nf6 29. Rcc1 Kg6 30. Rcg1 Ng4 31. b4 Ra8 32. Ra1 a5 33. Na4 f4 34.
gxf4 gxf4 35. Nc5 f3+ 36. Kg3 Nf6 37. Kf4 Re8 38. Rag1+ Kf7 39. Rg5 b6 40. Nb3
axb4 41. axb4 Nd5+ 42. Kg3 Rg6 43. Rh7+ Kf6 44. Rxg6+ Kxg6 45. Rb7 Kf6 46. Nd2
Rg8+ 47. Kh3 Nc3 48. Rxb6 Rh8+ 49. Kg4 Rg8+ 50. Kh3 Kf5 51. Nxf3 exf3 52. Rxc6
Ne4 53. Rh6 Nxf2+ 54. Kh4 Rg4+ 55. Kh5 Rg1 0-1

[Event "SR 3. liga A2 2013/2014"]
[Site "?"]
[Date "2014.01.19"]
[Round "7.4"]
[White "Kavon, Rastislav"]
[Black "Gasa, Patrik"]
[Result "1/2-1/2"]
[WhiteElo "2026"]
[BlackElo "1956"]
[PlyCount "60"]
[EventDate "2013.??.??"]

1. e4 c5 2. Nf3 Nc6 3. d4 cxd4 4. Nxd4 e6 5. Nc3 a6 6. Be3 Nf6 7. f3 d5 8. Bd3
e5 9. Nxc6 bxc6 10. Bd2 Bc5 11. Qe2 O-O 12. O-O-O Bd4 13. Na4 Be6 14. Bb4 Re8
15. Kb1 Rb8 16. c3 Ba7 17. Ka1 Qc7 18. Nc5 Bxc5 19. Bxc5 dxe4 20. Bxe4 Nxe4 21.
fxe4 Qa5 22. Ba3 Rbd8 23. Rxd8 Rxd8 24. Rd1 f6 25. Kb1 Rxd1+ 26. Qxd1 Qb6 27.
b3 Qe3 28. Qd8+ Kf7 29. Qe7+ Kg6 30. Qxe6 Qxe4+ 1/2-1/2

[Event "SR 3. liga A2 2013/2014"]
[Site "?"]
[Date "2014.01.19"]
[Round "7.4"]
[White "Lanik, Miroslav"]
[Black "Jablonicky, Martin"]
[Result "0-1"]
[WhiteElo "1925"]
[BlackElo "1967"]
[PlyCount "116"]
[EventDate "2013.??.??"]

1. e4 e5 2. Nf3 Nc6 3. Bb5 Nf6 4. d3 d6 5. O-O Be7 6. c3 O-O 7. h3 a6 8. Ba4 b5
9. Bc2 Re8 10. Nbd2 Bf8 11. Re1 g6 12. a4 Bb7 13. Nf1 Nb8 14. axb5 axb5 15.
Rxa8 Bxa8 16. Bg5 Nbd7 17. Ne3 Bg7 18. Ng4 h5 19. Nxf6+ Bxf6 20. Bxf6 Qxf6 21.
Qd2 Bb7 22. Ra1 Ra8 23. Rxa8+ Bxa8 24. b4 Kg7 25. Bb3 Nb6 26. Ng5 d5 27. exd5
Bxd5 28. Bxd5 Nxd5 29. Nf3 Qf5 30. c4 Nf4 31. cxb5 Qxd3 32. Qb2 f6 33. Nxe5
Qd1+ 34. Kh2 Qd6 35. Nc4 Qd5 36. Ne3 Qxb5 37. Qd4 Ne2 38. Qc4 Qe5+ 39. g3 Nd4
40. Qd5 Qxd5 41. Nxd5 c6 42. Nc3 Kf7 43. Kg2 Ke6 44. f4 f5 45. Kf2 Kd6 46. Kf1
Kc7 47. Kf2 Kb6 48. g4 hxg4 49. hxg4 Nc2 50. gxf5 gxf5 51. b5 cxb5 52. Nd5+ Kc5
53. Ne7 Nd4 54. Ke3 Kc4 55. Kd2 b4 56. Kc1 Kd3 57. Kb2 Ke4 58. Ng6 Ne2 0-1

[Event "SR 3. liga A2 2013/2014"]
[Site "?"]
[Date "2014.01.19"]
[Round "7.4"]
[White "Kucharek, Jaroslav"]
[Black "Palka, Martin"]
[Result "1-0"]
[WhiteElo "2074"]
[BlackElo "1881"]
[PlyCount "119"]
[EventDate "2013.??.??"]

1. d4 Nf6 2. c4 e6 3. Nc3 Bb4 4. a3 Bxc3+ 5. bxc3 O-O 6. f3 d5 7. e3 Bd7 8. Bd3
Bc6 9. Ne2 Nbd7 10. cxd5 exd5 11. c4 b6 12. cxd5 Bxd5 13. e4 Bb7 14. Bb2 c5 15.
d5 Qe7 16. O-O Ne5 17. Bxe5 Qxe5 18. f4 Qe8 19. Ng3 g6 20. Rc1 Rc8 21. Re1 b5
22. e5 Nxd5 23. Be4 Qc6 24. Qf3 f5 25. exf6 Rxf6 26. f5 Rd8 27. Qg4 Kh8 28.
Rcd1 c4 29. fxg6 hxg6 30. Qg5 Rfd6 31. h4 Qc7 32. Bxg6 Qb6+ 33. Kh2 Rxg6 34.
Qh5+ Kg8 35. Re5 Qd6 36. Rg5 Rxg5 37. Qxg5+ Kf7 38. Kh1 Rg8 39. Rf1+ Nf6 40.
Qh5+ Rg6 41. Qh7+ Rg7 42. Qxg7+ Kxg7 43. Nf5+ Kg6 44. Nxd6 Bc6 45. Rf5 a6 46.
Rg5+ Kh7 47. Rc5 Bd5 48. a4 bxa4 49. Nxc4 Be4 50. Nb6 a3 51. Ra5 Kg6 52. Kh2
Ng4+ 53. Kg3 Nf6 54. Rxa3 Bb7 55. Ra5 Ne4+ 56. Kf4 Nd6 57. g4 Nb5 58. Ra1 Nd4
59. Re1 Nf3 60. Re7 1-0

[Event "SR 3. liga A2 2013/2014"]
[Site "?"]
[Date "2014.01.19"]
[Round "7.4"]
[White "Skapikova, Lubica"]
[Black "Mackovic, Matus"]
[Result "1/2-1/2"]
[WhiteElo "1893"]
[BlackElo "1913"]
[PlyCount "144"]
[EventDate "2013.??.??"]

1. e4 c6 2. d4 d5 3. e5 Bf5 4. Nc3 e6 5. g4 Bg6 6. Nge2 Ne7 7. h4 h5 8. Nf4
hxg4 9. Nxg6 Nxg6 10. h5 Ne7 11. Qxg4 Nd7 12. Bd2 c5 13. Nb5 Nf5 14. c3 a6 15.
Na3 Qb6 16. Nc2 Qxb2 17. Bd3 Nh6 18. Qd1 Qb6 19. Rb1 Qc7 20. f4 c4 21. Be2 b5
22. Bg4 Be7 23. Qf3 Nxg4 24. Qxg4 g6 25. Ke2 gxh5 26. Rxh5 O-O-O 27. f5 Nxe5
28. dxe5 Qxe5+ 29. Kd1 Rdg8 30. Rxh8 Qxh8 31. Qf3 Rg1+ 32. Ne1 Bc5 33. Kc2 Qh2
34. fxe6 fxe6 35. Qf7 Qe2 36. Qe8+ Kc7 37. Qf7+ Kb6 38. Qf4 e5 39. Qf6+ Ka5 40.
Qd8+ Ka4 41. Qxd5 Qf2 42. Qe6 Ka5 43. Qxe5 Rf1 44. a4 Qf5+ 45. Qxf5 Rxf5 46.
axb5 axb5 47. Ra1+ Kb6 48. Rd1 Rf2 49. Kb1 Rf1 50. Kb2 Rf2 51. Nc2 Kb7 52. Be1
Re2 53. Rd5 Kc6 54. Rf5 Kb6 55. Rf6+ Kb7 56. Kb1 Ka7 57. Bg3 Rd2 58. Rf5 Kb6
59. Bc7+ Kc6 60. Ba5 Rd1+ 61. Kb2 Rd2 62. Kc1 Rd3 63. Bb4 Be3+ 64. Nxe3 Rxe3
65. Rc5+ Kb6 66. Rd5 Re2 67. Rd6+ Kc7 68. Rd2 Re1+ 69. Kb2 Re6 70. Ba5+ Kc6 71.
Ka3 Re1 72. Rb2 Ra1+ 1/2-1/2

[Event "SR 3. liga A2 2013/2014"]
[Site "?"]
[Date "2014.01.19"]
[Round "7.4"]
[White "Jakubec, Milan"]
[Black "Havlicek, Peter"]
[Result "1-0"]
[WhiteElo "2084"]
[BlackElo "1851"]
[PlyCount "43"]
[EventDate "2013.??.??"]

1. e4 c5 2. Nf3 d6 3. d4 cxd4 4. Nxd4 e6 5. c4 Nc6 6. Be3 Nf6 7. Nc3 a6 8. Be2
Be7 9. O-O O-O 10. Rb1 Rb8 11. b4 Nxd4 12. Bxd4 b6 13. f3 Qc7 14. Qd2 Nd7 15.
Rfc1 Bf6 16. Be3 Bxc3 17. Rxc3 Ne5 18. Rd1 Rd8 19. c5 bxc5 20. Rxc5 Qe7 21.
Rxe5 Bb7 22. Ra5 1-0

[Event "SR 3. liga A2 2013/2014"]
[Site "?"]
[Date "2014.01.19"]
[Round "7.4"]
[White "Fidericky, Milan"]
[Black "Hirmajer, Jan"]
[Result "0-1"]
[WhiteElo "1816"]
[BlackElo "1957"]
[PlyCount "52"]
[EventDate "2013.??.??"]

1. f4 c5 2. Nf3 Nc6 3. g3 d5 4. Bg2 g6 5. O-O Bg7 6. e3 Nh6 7. c3 O-O 8. d4 Qb6
9. Nbd2 c4 10. b3 Na5 11. b4 Nc6 12. a4 a6 13. Ne5 Nf5 14. Ndxc4 dxc4 15. Nxc4
Qc7 16. Nb2 Rd8 17. Qb3 e6 18. Nc4 b6 19. Ne5 Bb7 20. Re1 Nxe5 21. fxe5 Bxg2
22. Kxg2 Rac8 23. Bb2 Bh6 24. e4 Nxd4 25. Qd1 Nc6 26. Qb3 Nxe5 0-1

[Event "SR 3. liga A2 2013/2014"]
[Site "?"]
[Date "2014.01.19"]
[Round "7.4"]
[White "Mackovic, Miroslav"]
[Black "Kubik, Peter"]
[Result "1/2-1/2"]
[WhiteElo "1936"]
[BlackElo "1771"]
[PlyCount "71"]
[EventDate "2013.??.??"]

1. e4 d5 2. exd5 Qxd5 3. Nc3 Qa5 4. d4 Nf6 5. Bd3 Bg4 6. f3 Bh5 7. Nge2 Nbd7 8.
O-O e5 9. Kh1 O-O-O 10. Qe1 Bg6 11. Bxg6 hxg6 12. dxe5 Qxe5 13. Ng3 Qa5 14.
Nce4 Qxe1 15. Rxe1 Nxe4 16. Nxe4 f6 17. Bf4 Nc5 18. Nxc5 Bxc5 19. h3 g5 20. Be3
Bxe3 21. Rxe3 Rd2 22. Rc1 Rhd8 23. Kg1 Rd1+ 24. Rxd1 Rxd1+ 25. Kf2 Rd2+ 26. Re2
Rxe2+ 27. Kxe2 Kd7 28. Kd3 Ke6 29. g3 Ke5 30. Ke3 f5 31. f4+ gxf4+ 32. gxf4+
Kd5 33. Kd3 a5 34. c4+ Ke6 35. a3 Kf6 36. Ke3 1/2-1/2

[Event "SR 3. liga A2 2013/2014"]
[Site "?"]
[Date "2014.01.19"]
[Round "7.5"]
[White "Abel, Peter"]
[Black "Pribila, Gerhard"]
[Result "1-0"]
[WhiteElo "2188"]
[BlackElo "2076"]
[PlyCount "109"]
[EventDate "2013.??.??"]

1. c4 c5 2. Nc3 Nc6 3. g3 g6 4. Bg2 Bg7 5. Nf3 e6 6. Ne4 d6 7. O-O Nf6 8. d3
O-O 9. Bg5 h6 10. Nxf6+ Bxf6 11. Bxh6 Re8 12. Qd2 Kh7 13. Bg5 Rh8 14. Rab1 Kg7
15. Bxf6+ Qxf6 16. Qg5 e5 17. Qxf6+ Kxf6 18. h4 Bg4 19. Rfe1 Bxf3 20. Bxf3 Rab8
21. e3 Rhe8 22. Red1 Rbc8 23. Rd2 Rc7 24. b3 Ke7 25. Bxc6 Rxc6 26. d4 e4 27.
dxc5 dxc5 28. Rbd1 Ke6 29. Rd7 Re7 30. Rd8 Rec7 31. Kg2 Rc8 32. R8d7 R8c7 33.
Rd8 Rc8 34. R8d5 R8c7 35. R1d2 Re7 36. h5 gxh5 37. Rxh5 f6 38. g4 b6 39. Kg3
Rcc7 40. Kf4 Kf7 41. Rd6 Kg6 42. Rf5 Rcd7 43. Rfxf6+ Kg7 44. g5 Rxd6 45. Rxd6
Rf7+ 46. Rf6 Rd7 47. Kxe4 Rd2 48. f4 Rxa2 49. Kf5 Rb2 50. g6 Rxb3 51. Rf7+ Kg8
52. e4 a5 53. Rb7 Rd3 54. Rxb6 Rd8 55. Ra6 1-0

[Event "SR 3. liga A2 2013/2014"]
[Site "?"]
[Date "2014.01.19"]
[Round "7.5"]
[White "Ambros, Rafael"]
[Black "Mihalik, Marek"]
[Result "1/2-1/2"]
[WhiteElo "2009"]
[BlackElo "2031"]
[PlyCount "33"]
[EventDate "2013.??.??"]

1. e4 c5 2. c3 d5 3. exd5 Qxd5 4. d4 Nc6 5. Nf3 Bg4 6. Be2 cxd4 7. cxd4 e6 8.
Nc3 Bb4 9. O-O Qa5 10. Ne4 Nf6 11. Ng3 O-O 12. h3 Bxf3 13. Bxf3 Rfd8 14. Be3 e5
15. a3 Bf8 16. b4 Qb5 17. Be2 1/2-1/2

[Event "SR 3. liga A2 2013/2014"]
[Site "?"]
[Date "2014.01.19"]
[Round "7.5"]
[White "Manak, Jozef"]
[Black "Kocak, Branislav"]
[Result "1/2-1/2"]
[WhiteElo "1998"]
[BlackElo "1912"]
[PlyCount "37"]
[EventDate "2013.??.??"]

1. e4 c5 2. Nf3 d6 3. c4 a6 4. d4 cxd4 5. Nxd4 Nf6 6. Nc3 e5 7. Nc2 Be6 8. Be2
Nbd7 9. Be3 Qc7 10. Na3 Be7 11. f3 Rc8 12. Rc1 O-O 13. O-O Qa5 14. Qd2 Kh8 15.
Nab1 Bxc4 16. Bxc4 Rxc4 17. Nd5 Qxd2 18. Nxd2 Rxc1 19. Rxc1 1/2-1/2

[Event "SR 3. liga A2 2013/2014"]
[Site "?"]
[Date "2014.01.19"]
[Round "7.5"]
[White "Jozefovic, Milan"]
[Black "Mihalik, Anton"]
[Result "0-1"]
[WhiteElo "1900"]
[BlackElo "1942"]
[PlyCount "198"]
[EventDate "2013.??.??"]

1. e4 c5 2. Nf3 d6 3. d4 cxd4 4. Nxd4 Nf6 5. Nc3 a6 6. Be2 e5 7. Nf3 Be7 8. Bg5
Be6 9. O-O Nbd7 10. Re1 O-O 11. Bd3 Rc8 12. h3 b5 13. a3 Nb6 14. Ne2 Nc4 15.
Bc1 Qc7 16. b3 Nb6 17. Be3 Nbd7 18. a4 Rb8 19. Ng5 Nc5 20. Nxe6 Nxe6 21. axb5
axb5 22. Ra7 Rb7 23. Ra2 Nc5 24. Ng3 Rc8 25. Nf5 Bf8 26. Bg5 Ncd7 27. Qf3 Ne8
28. Qg3 Kh8 29. Be7 g6 30. Bxf8 Nxf8 31. Ne3 Nf6 32. Ng4 Nxg4 33. Qxg4 Ne6 34.
c4 Nc5 35. Qd1 Nxd3 36. Qxd3 bxc4 37. bxc4 Qxc4 38. Qd2 Kg7 39. Raa1 Qe6 40.
Red1 Rd8 41. Ra6 Rbd7 42. Qb4 Qe7 43. f3 Rb7 44. Qa3 Rbd7 45. Rd5 Qe6 46. Kh2
f5 47. Qb4 fxe4 48. fxe4 Qf6 49. Qe1 Kf7 50. Rd3 Ke7 51. Rf3 Qg7 52. Qh4+ g5
53. Qg4 Qg6 54. Rf5 h5 55. Qxg5+ Qxg5 56. Rxg5 Rh8 57. Kg3 h4+ 58. Kg4 Kf6 59.
Ra3 Rh6 60. Rf3+ Ke6 61. Rf8 Rdh7 62. Rfg8 Kf7 63. Rb8 Ke6 64. Rgg8 Kf7 65.
Rgf8+ Ke7 66. Rg8 Kf7 67. Rgf8+ Ke7 68. Rf5 Kd7 69. Rg5 Kc6 70. Rc8+ Kd7 71.
Rcg8 Kc6 72. R8g7 Rh8 73. R7g6 Kc5 74. Rxh6 Rxh6 75. Kf3 Kd4 76. g4 hxg3 77.
Rxg3 Rf6+ 78. Ke2 Kxe4 79. h4 d5 80. h5 Rh6 81. Rh3 Kf4 82. Rh1 Kg5 83. Rg1+
Kxh5 84. Ke3 Rg6 85. Rd1 d4+ 86. Ke4 Rg5 87. Rh1+ Kg6 88. Rh8 Kf6 89. Rf8+ Ke6
90. Re8+ Kd6 91. Rd8+ Kc5 92. Rc8+ Kb4 93. Rc7 Kb3 94. Rc5 Rg4+ 95. Kf5 Rh4 96.
Kxe5 Kb4 97. Rc1 d3 98. Rd1 Kc3 99. Rc1+ Kb2 0-1

[Event "SR 3. liga A2 2013/2014"]
[Site "?"]
[Date "2014.01.19"]
[Round "7.5"]
[White "Gono, Michal"]
[Black "Brunovsky, Peter"]
[Result "1-0"]
[WhiteElo "1941"]
[BlackElo "1829"]
[PlyCount "89"]
[EventDate "2013.??.??"]

1. d4 Nf6 2. Bf4 d5 3. e3 g6 4. Bd3 Bg7 5. h3 O-O 6. Nf3 Nbd7 7. Nbd2 Re8 8.
O-O b6 9. c3 Bb7 10. Re1 Nh5 11. Bh2 f5 12. Ne5 Nhf6 13. Ndf3 Nxe5 14. Bxe5 Nd7
15. Bxg7 Kxg7 16. Qa4 a6 17. Ne5 Nxe5 18. dxe5 b5 19. Qd4 e6 20. a4 c6 21. Ra3
Qc7 22. b4 h6 23. f4 Kf7 24. Qc5 Qe7 25. Qxe7+ Kxe7 26. Rea1 Rg8 27. Kf2 Rac8
28. g4 Rh8 29. Rg1 Rhg8 30. Raa1 Kf7 31. h4 Ra8 32. h5 gxh5 33. gxf5 exf5 34.
Bxf5 Raf8 35. axb5 cxb5 36. Rxg8 Rxg8 37. Rg1 Rxg1 38. Kxg1 Bc6 39. Bc8 Kg6 40.
Bxa6 Kf5 41. Bc8+ Ke4 42. e6 Be8 43. Bd7 Bg6 44. e7 Kxe3 45. e8=Q+ 1-0

[Event "SR 3. liga A2 2013/2014"]
[Site "?"]
[Date "2014.01.19"]
[Round "7.5"]
[White "Zajicek, Ferdinand"]
[Black "Nemsak, Denis"]
[Result "0-1"]
[WhiteElo "1823"]
[BlackElo "1913"]
[PlyCount "72"]
[EventDate "2013.??.??"]

1. e4 d5 2. exd5 Nf6 3. Nf3 Nxd5 4. Bc4 Nb6 5. Bb3 Nc6 6. O-O Na5 7. Bxf7+ Kxf7
8. Ne5+ Kg8 9. Qh5 Be6 10. Nf3 Qd5 11. Qh4 Qf5 12. Re1 Qg4 13. Re5 Nc6 14. Re4
Qxh4 15. Rxh4 h6 16. d3 g5 17. Re4 Bd5 18. Re3 Bxf3 19. gxf3 Nd5 20. Re4 Bg7
21. c4 Ndb4 22. Na3 Nxd3 23. Nb5 Be5 24. Bd2 a6 25. Nc3 Rd8 26. h4 Nxb2 27. Nd5
Nxc4 28. Bc3 Rxd5 29. Rxc4 Bxc3 30. Rxc3 Kf7 31. Rb1 Rb5 32. Rxb5 axb5 33. hxg5
hxg5 34. Rc5 b4 35. Rb5 b6 36. a3 bxa3 0-1

[Event "SR 3. liga A2 2013/2014"]
[Site "?"]
[Date "2014.01.19"]
[Round "7.5"]
[White "Slaby, Jozef"]
[Black "Kanka, Tomas"]
[Result "1-0"]
[WhiteElo "1874"]
[BlackElo "1688"]
[PlyCount "99"]
[EventDate "2013.??.??"]

1. c4 Nf6 2. Nc3 e5 3. d3 Be7 4. Nf3 Nc6 5. g3 O-O 6. Bg2 d6 7. O-O h6 8. a3
Be6 9. Bd2 Qd7 10. Rc1 a5 11. Nb5 d5 12. cxd5 Nxd5 13. Nc3 f5 14. e3 Nf6 15.
Qc2 Rfd8 16. Nb5 Rac8 17. d4 e4 18. Ne1 Bd5 19. f3 Qe6 20. Nc3 Bc4 21. fxe4
Bxf1 22. exf5 Qf7 23. Bxf1 Qh5 24. Bg2 Kh8 25. Nf3 Bf8 26. Ne2 Ne7 27. Nf4 Qe8
28. Ne5 b6 29. Bb7 c5 30. Bxc8 Rxc8 31. Neg6+ Kh7 32. Nxe7 Bxe7 33. e4 Qd7 34.
Ne6 Qb7 35. d5 c4 36. Be3 Ng4 37. Bd4 b5 38. Qe2 Nf6 39. Bxf6 Bxf6 40. e5 Qxd5
41. exf6 gxf6 42. Qh5 Rg8 43. Qf7+ Kh8 44. Qxf6+ Kh7 45. Rf1 Qd3 46. Nf8+ Rxf8
47. Qxf8 Qd4+ 48. Rf2 Qd1+ 49. Kg2 Qd5+ 50. Kh3 1-0

[Event "SR 3. liga A2 2013/2014"]
[Site "?"]
[Date "2014.01.19"]
[Round "7.5"]
[White "Papanek, Lubomir"]
[Black "Curidlo, Jan"]
[Result "0-1"]
[WhiteElo "1635"]
[BlackElo "1852"]
[PlyCount "92"]
[EventDate "2013.??.??"]

1. d4 Nf6 2. c4 e6 3. Nf3 b6 4. e3 Bb7 5. Nc3 Be7 6. Bd3 d5 7. O-O O-O 8. Re1
Re8 9. e4 dxc4 10. Bxc4 c6 11. a3 Nbd7 12. e5 Nd5 13. Bd3 a6 14. Nxd5 cxd5 15.
Bd2 b5 16. a4 bxa4 17. Qxa4 Nf8 18. Rec1 Qb8 19. Rc2 Rc8 20. Rac1 Rxc2 21. Qxc2
Bd8 22. Bb4 h6 23. Qa4 Bb6 24. Bd6 Qd8 25. Bxf8 Qxf8 26. Qb3 Qd8 27. Qb4 Rc8
28. Rxc8 Bxc8 29. Qa4 a5 30. Qc6 Bd7 31. Qb7 g6 32. h3 Kg7 33. Qa6 Qc7 34. Bb5
Bxb5 35. Qxb5 Qc1+ 36. Kh2 Qf4+ 37. Kg1 Bxd4 38. Qe2 Qc1+ 39. Kh2 Qxb2 40. Nxd4
Qxd4 41. g3 a4 42. f4 Qc4 43. Qf2 d4 44. Qb2 d3 45. Qb6 d2 46. Qd6 Qe2+ 0-1

[Event "SR 3. liga A2 2013/2014"]
[Site "?"]
[Date "2014.01.19"]
[Round "7.6"]
[White "Jozefek, Michal"]
[Black "Liptak, Tomas"]
[Result "0-1"]
[WhiteElo "2168"]
[BlackElo "2108"]
[PlyCount "78"]
[EventDate "2013.??.??"]

1. d4 Nf6 2. c4 g6 3. Nc3 Bg7 4. e4 d6 5. Be2 O-O 6. Nf3 e5 7. O-O Nc6 8. d5
Ne7 9. Ne1 Nd7 10. Nd3 f5 11. Bd2 Nf6 12. f3 f4 13. c5 h5 14. cxd6 cxd6 15. Nf2
g5 16. h3 Rf7 17. a4 Bf8 18. Nb5 Rg7 19. Rc1 Ng6 20. Qc2 Ne8 21. Qb3 Nh4 22.
Rc2 a6 23. Na3 Nf6 24. Rfc1 g4 25. fxg4 hxg4 26. hxg4 Nxg4 27. Nxg4 Bxg4 28.
Bxg4 Rxg4 29. Be1 f3 30. Bxh4 Qxh4 31. Qxf3 Rxe4 32. Rc4 Rd4 33. g3 Qg5 34. Rf1
Qg6 35. Rxd4 exd4 36. Nc4 Re8 37. Na5 Bh6 38. Kg2 Re3 39. Qf2 d3 0-1

[Event "SR 3. liga A2 2013/2014"]
[Site "?"]
[Date "2014.01.19"]
[Round "7.6"]
[White "Liptak, Dusan"]
[Black "Kapusta, Petr"]
[Result "0-1"]
[WhiteElo "2108"]
[BlackElo "2139"]
[PlyCount "68"]
[EventDate "2013.??.??"]

1. d4 Nf6 2. c4 g6 3. Nc3 Bg7 4. e4 O-O 5. Be2 d6 6. Nf3 e5 7. O-O Nc6 8. d5
Ne7 9. Nd2 Nd7 10. b4 f5 11. c5 Nf6 12. f3 Rf7 13. Nc4 f4 14. Ba3 Bf8 15. b5
Ne8 16. b6 axb6 17. cxb6 cxb6 18. Rb1 g5 19. Na4 b5 20. Rxb5 Bd7 21. Ncb6 Bxb5
22. Bxb5 Ra5 23. Qb3 Nc8 24. Qb4 Ra7 25. Bxe8 Qxe8 26. Rc1 Nxb6 27. Nxb6 Ra6
28. Rc8 Qe7 29. h3 h5 30. Qb3 g4 31. hxg4 hxg4 32. fxg4 Qh4 33. Rc1 f3 34. Rf1
f2+ 0-1

[Event "SR 3. liga A2 2013/2014"]
[Site "?"]
[Date "2014.01.19"]
[Round "7.6"]
[White "Berger, Patrik"]
[Black "Kovacocy, Pavel"]
[Result "0-1"]
[WhiteElo "1924"]
[BlackElo "2198"]
[PlyCount "112"]
[EventDate "2013.??.??"]

1. e4 c5 2. Nf3 g6 3. d4 cxd4 4. Nxd4 Nf6 5. Nc3 Nc6 6. Be3 Bg7 7. Bc4 Qa5 8.
O-O O-O 9. Bb3 d6 10. h3 Bd7 11. Qd2 Nxd4 12. Qxd4 Ng4 13. Qd5 Bxc3 14. hxg4
Qxd5 15. Bxd5 Bg7 16. g5 Bc6 17. Rab1 Rfc8 18. c4 Bxd5 19. cxd5 Rc4 20. f3 Rc2
21. Rfc1 Rac8 22. Rxc2 Rxc2 23. Bxa7 Bxb2 24. a4 Rc1+ 25. Rxc1 Bxc1 26. Kf2
Bxg5 27. Ke2 Kf8 28. Kd3 Ke8 29. Kc4 Kd7 30. Bd4 e6 31. Kb5 exd5 32. exd5 Bd8
33. a5 h5 34. a6 bxa6+ 35. Kxa6 g5 36. Kb5 f5 37. Kc4 Ke7 38. Kd3 Kf7 39. Ke3
Bf6 40. Bb6 Be5 41. Bd8 Bf4+ 42. Kd4 h4 43. Kd3 Kg6 44. Ke2 Be5 45. Be7 Kh5 46.
Kf1 Bf4 47. Kf2 Kg6 48. Ke2 Be5 49. Kd3 Kh5 50. Ke2 g4 51. Kf1 h3 52. fxg4+
Kxg4 53. gxh3+ Kxh3 54. Kf2 Kg4 55. Ke3 f4+ 56. Kf2 Bd4+ 0-1

[Event "SR 3. liga A2 2013/2014"]
[Site "?"]
[Date "2014.01.19"]
[Round "7.6"]
[White "Cechovic, Stefan"]
[Black "Londin, Martin"]
[Result "1-0"]
[WhiteElo "2140"]
[BlackElo "1960"]
[PlyCount "117"]
[EventDate "2013.??.??"]

1. Nf3 d5 2. d4 Nf6 3. Bf4 e6 4. e3 Bd6 5. Ne5 c6 6. Nd2 Qc7 7. Be2 Nbd7 8.
Nxd7 Bxf4 9. Nxf6+ gxf6 10. exf4 Qxf4 11. Nf3 Rg8 12. g3 Qh6 13. Qd2 Qxd2+ 14.
Kxd2 Ke7 15. Bd3 Rg4 16. Rhe1 Kd6 17. c3 b6 18. Re3 h6 19. Rae1 Bd7 20. Nh4 c5
21. f4 a5 22. Bf1 a4 23. a3 c4 24. Bh3 Rgg8 25. f5 Rae8 26. fxe6 fxe6 27. Rf1
Ref8 28. Ng2 b5 29. Rfe1 Re8 30. Nf4 f5 31. Bg2 Rgf8 32. Bf3 Rg8 33. Re5 h5 34.
Bxh5 Re7 35. Nxd5 Rh8 36. Nxe7 Rxh5 37. Ng6 Rxh2+ 38. R1e2 Rh6 39. Nf4 Rf6 40.
Rh2 Bc6 41. Ke3 Bd7 42. Rh7 Bc6 43. Kf2 Bd7 44. Rxd7+ Kxd7 45. Rxb5 Rh6 46. Kg2
Rh8 47. Rb7+ Kc6 48. Rb4 e5 49. dxe5 Rd8 50. Rxc4+ Kb5 51. Rd4 Re8 52. e6 Kc6
53. Rxa4 Rb8 54. Rb4 Rd8 55. Rd4 Rb8 56. b4 Ra8 57. e7 Re8 58. Ng6 Kc7 59. Rd8
1-0

[Event "SR 3. liga A2 2013/2014"]
[Site "?"]
[Date "2014.01.19"]
[Round "7.6"]
[White "Kubis, Ivan"]
[Black "Sarmir, Milos"]
[Result "1-0"]
[WhiteElo "1992"]
[BlackElo "2075"]
[PlyCount "41"]
[EventDate "2013.??.??"]

1. e4 c6 2. d4 d6 3. Nc3 Nf6 4. f4 g6 5. Nf3 Bg7 6. h3 Nh5 7. Ne2 c5 8. e5 f5
9. Rg1 Bf8 10. g4 Ng7 11. Be3 cxd4 12. Nexd4 Nc6 13. Qd2 Nxd4 14. Bxd4 e6 15.
exd6 Qxd6 16. O-O-O Qd5 17. Ne5 Bd7 18. Bc4 Qd6 19. Qe2 Bc8 20. Bc3 Qb6 21.
Bb5+ 1-0

[Event "SR 3. liga A2 2013/2014"]
[Site "?"]
[Date "2014.01.19"]
[Round "7.6"]
[White "Vagovsky, Jozef"]
[Black "Vepy, Ivan"]
[Result "1/2-1/2"]
[WhiteElo "1930"]
[BlackElo "1926"]
[PlyCount "62"]
[EventDate "2013.??.??"]

1. d4 Nf6 2. Nf3 e6 3. c4 Be7 4. Bf4 d5 5. e3 O-O 6. Nbd2 b6 7. Rc1 Bb7 8. Be2
Nbd7 9. O-O Rc8 10. Qa4 a5 11. h3 c5 12. cxd5 Nxd5 13. Be5 Nxe5 14. Nxe5 Nf6
15. Rfd1 cxd4 16. Rxc8 Qxc8 17. Qxd4 Qc7 18. Ndc4 Rd8 19. Qxb6 Rxd1+ 20. Bxd1
Qxb6 21. Nxb6 Bd8 22. Nec4 Ba6 23. b3 Ne4 24. Na4 Bxc4 25. bxc4 Kf8 26. Bc2 Nf6
27. Kf1 Ke7 28. Ke2 Kd6 29. Bd3 h6 30. Kd2 Nd7 31. Bc2 Bf6 1/2-1/2

[Event "SR 3. liga A2 2013/2014"]
[Site "?"]
[Date "2014.01.19"]
[Round "7.6"]
[White "Jarabek, Milan"]
[Black "Vlkovic, Pavol"]
[Result "0-1"]
[WhiteElo "1744"]
[BlackElo "1819"]
[PlyCount "54"]
[EventDate "2013.??.??"]

1. e4 Nf6 2. e5 Nd5 3. d4 d6 4. c4 Nb6 5. exd6 cxd6 6. Nc3 g6 7. Nf3 Bg7 8. Be3
O-O 9. Qd2 Nc6 10. O-O-O a5 11. h4 a4 12. h5 Na5 13. hxg6 fxg6 14. Bh6 Nbxc4
15. Bxc4+ Nxc4 16. Qd3 d5 17. Ng5 Rxf2 18. Bxg7 Bf5 19. Nce4 Rc8 20. Kb1 Qb6
21. b3 Na3+ 22. Ka1 Rcc2 23. Nc3 Bxd3 24. Rxh7 axb3 25. axb3 Qxb3 26. Be5 Qa2+
27. Nxa2 Rxa2# 0-1

[Event "SR 3. liga A2 2013/2014"]
[Site "?"]
[Date "2014.01.19"]
[Round "7.6"]
[White "Hornak, Pavol"]
[Black "Hrubsa, Marian"]
[Result "0-1"]
[WhiteElo "1750"]
[BlackElo "1801"]
[PlyCount "84"]
[EventDate "2013.??.??"]

1. d4 d5 2. c4 e6 3. Nf3 Nf6 4. g3 c5 5. Bg2 cxd4 6. Nxd4 Nc6 7. O-O Be7 8.
Nxc6 bxc6 9. Qc2 O-O 10. Nc3 Ba6 11. b3 Rc8 12. Rd1 Qc7 13. Na4 Rfd8 14. Bb2
Bb7 15. Rac1 Rd7 16. e3 Qd8 17. c5 Ba6 18. Bd4 Ng4 19. h3 Nf6 20. Nb2 Bf8 21.
Nd3 Rb7 22. Ne5 Nd7 23. Nxd7 Rxd7 24. Rd2 f6 25. f4 Qc7 26. Qb2 Re8 27. b4 e5
28. fxe5 fxe5 29. Bc3 e4 30. Kh2 Bc4 31. Bf1 Bxf1 32. Rxf1 a5 33. a3 axb4 34.
axb4 Rde7 35. Rg2 Re6 36. Kg1 Rg6 37. g4 Rh6 38. Rh2 Qg3+ 39. Kh1 Rxh3 40. Bd4
Re6 41. Qf2 Rxh2+ 42. Qxh2 Rh6 0-1

[Event "SR 3. liga A2 2013/2014"]
[Site "?"]
[Date "2014.02.02"]
[Round "8.1"]
[White "Zarecky, Eduard"]
[Black "Liptak, Tomas"]
[Result "0-1"]
[WhiteElo "1903"]
[BlackElo "2108"]
[PlyCount "60"]
[EventDate "2013.??.??"]

1. d4 Nf6 2. c4 g6 3. Nc3 Bg7 4. Nf3 O-O 5. g3 d6 6. Bg2 Nbd7 7. O-O e5 8. dxe5
dxe5 9. Bg5 h6 10. Bxf6 Qxf6 11. Nd5 Qd6 12. Qc2 c6 13. Ne3 f5 14. Rad1 Qf6 15.
c5 e4 16. Nh4 Ne5 17. Rd6 Be6 18. Bh3 Nf7 19. Rd2 Rae8 20. Rfd1 h5 21. Rd4 Bh6
22. Bf1 g5 23. Nhg2 Ne5 24. Qc3 f4 25. Rxe4 fxe3 26. f4 Ng4 27. Qxf6 Rxf6 28.
Rd6 Bf8 29. fxg5 Bxd6 30. cxd6 Nf2 0-1

[Event "SR 3. liga A2 2013/2014"]
[Site "?"]
[Date "2014.02.02"]
[Round "8.1"]
[White "Liptak, Dusan"]
[Black "Bango, Lukas"]
[Result "1/2-1/2"]
[WhiteElo "2108"]
[BlackElo "1781"]
[PlyCount "102"]
[EventDate "2013.??.??"]

1. g3 Nf6 2. Bg2 g6 3. Nf3 Bg7 4. d4 O-O 5. c4 d6 6. Nc3 Nbd7 7. O-O e5 8. e4
c6 9. Rb1 Ne8 10. Re1 Qc7 11. b3 Qa5 12. b4 Qc7 13. dxe5 Nxe5 14. Nxe5 dxe5 15.
Qe2 Be6 16. Be3 Nf6 17. f3 Rfd8 18. Rec1 Rd7 19. Bf1 Nh5 20. Qf2 f5 21. Bxa7 f4
22. g4 Nf6 23. Bb6 Qc8 24. a4 g5 25. a5 h5 26. h3 hxg4 27. hxg4 Kf7 28. Na4 Bf8
29. Bc5 Bxc5 30. Nxc5 Re7 31. Nxe6 Kxe6 32. Rd1 Rh7 33. Qc5 Qc7 34. Rd2 Rah8
35. Bg2 Rd7 36. Rbd1 Rxd2 37. Rxd2 Ne8 38. Rd1 Nd6 39. b5 Rc8 40. b6 Qe7 41.
Bf1 Ra8 42. Qb4 Rd8 43. Ra1 Rh8 44. a6 Qh7 45. Bg2 Qh2+ 46. Kf1 Nxe4 47. fxe4
f3 48. Bxf3 Qg3 49. Ra3 Rh2 50. Qe1 Qh3+ 51. Kg1 Rb2 1/2-1/2